000
00213nam a22000977a 4500
999
_c
15805
_d
15805
003
OSt
008
191021b ||||| |||| 00| 0 eng d
100
_a
Sankara,kurup, G.
_9
4323
245
_a
Nava athithi
942
_c
BK